000 00341 a2200157 4500
001 56832
020 _a8532201717
040 _cAnchieta - Pituba
100 _aGomes, Álvaro Cardoso
240 1 0 _aAmor e cuba-libre
_lpor
245 1 0 _aAmor e cuba-libre
300 _a120
362 0 _a1993
650 4 _aLiteratura juvenil
942 _cBK
999 _c56832
_d56832